| 000 | 00867 a2200277 4500 | ||
|---|---|---|---|
| 005 | 20251211164030.0 | ||
| 008 | 251211b |||||||| |||| 00| 0 eng d | ||
| 020 | _a978-0-86154-534-6 | ||
| 037 | _cTB | ||
| 040 |
_aCRL _cCRL |
||
| 041 |
_2eng _aeng |
||
| 084 |
_aO111,2J64:g(Y592) R3 _qCRL |
||
| 100 |
_aFarah Karim Cooper _9852065 |
||
| 245 |
_aGreat white bard: _bShakespeare , race and the future |
||
| 260 |
_bOne world book _c2023 _aBritain |
||
| 300 | _a328p. | ||
| 365 |
_b22.00 _cUKP |
||
| 650 | _2English literature | ||
| 650 | _2English Drama | ||
| 650 | _2William Shakespear | ||
| 650 | _2Sociology | ||
| 650 | _2Caste | ||
| 700 |
_aFarah Karim Cooper _eAuthor _9856156 |
||
| 942 |
_cTB _2CC _n0 _hO111,2J64:g(Y592) R3 |
||
| 999 |
_c1465463 _d1465463 |
||